000
00296nam a22001457a 4500
008
211019b ||||| |||| 00| 0 eng d
020
_a
9781418860646
041
_a
eng
080
_2
2nd
_a
004
082
_a
004
100
_a
28
101
_a
SHKI
245
_a
XML
_c
Carey,P
942
_2
udc
_c
BK
999
_c
58291
_d
58291